000 00252nam a22001217a 4500
008 180919b xxu||||| |||| 00| 0 eng d
041 _aeng
080 _a617
100 _a5
101 _aKIR
245 _aRegional Block
_cMoore,D.C
942 _2udc
_cBK
999 _c48083
_d48083